| 000 | 01011nam a2200277 i 4500 | ||
|---|---|---|---|
| 001 | bg | ||
| 100 | 1 | _aFALKE, Johannes | |
| 245 | 0 | 0 |
_aTragwerke aus Stahl nach Eurocode 3 (DIN V ENV 1993-1-1) : _bNormen - Erläuterungen - Beispiele / _caut. Johannes Falke ; hrsg. von Klaus-Jürgen Schneider. |
| 260 |
_aBerlin [et al.] : _bBeuth ; _aDüsseldorf : _bWerner, _c1996. |
||
| 300 |
_a267 s. : _brys., wykr. ; _c21 cm. |
||
| 490 | 1 |
_aIngenieurhochbau / [Deutsches Institut für Normung], _x0944-8950 |
|
| 504 | _aBibliogr. i wykaz norm s. 264-267. | ||
| 650 | 9 | _aKonstrukcje stalowe | |
| 655 | _aTablice i wzory | ||
| 700 | 1 |
_aSCHNEIDER, Klaus Jürgen. _eOprac. |
|
| 830 | 0 | _aIngenieurhochbau ([Deutsches Institut für Normung]) | |
| 020 | _a3410136479 (Beuth) | ||
| 020 | _a3804115896 (Werner) | ||
| 040 | _cBPK | ||
| 041 | 0 | _apl | |
| 080 | _a624.014:624.07](083) | ||
| 920 | _a3-410-13647-9 (Beuth) | ||
| 920 | _a3-8041-1589-6 (Werner) | ||
| 942 | _cKS | ||
| 008 | s pl f |000 0 pol | ||
| 999 |
_c32186 _d32186 |
||
| 856 |
_uhttp://koha.tu.koszalin.pl/cgi-bin/koha/opac-detail.pl?biblionumber=32186 _yKatalog online BPK |
||